[Event "Mechanics' Spring TNM; 30/90, SD/30"]
[Site "San Francisco"]
[Date "2009.03.17"]
[Round "2.24"]
[White "Rudzevich, Brian"]
[Black "Smelansky, Vadim"]
[Result "0-1"]
[WhiteElo "976"]
[BlackElo "1798"]
[PlyCount "144"]
[EventDate "2009.??.??"]

1. d4 d5 2. Nf3 e6 3. e3 Nf6 4. c4 Nbd7 5. a3 b6 6. Qa4 Be7 7. Ne5 O-O 8. Nc6
Qe8 9. Nxe7+ Qxe7 10. Qc6 Rb8 11. Qa4 a5 12. cxd5 exd5 13. Nc3 c5 14. Bb5 Rd8
15. O-O Qd6 16. Be2 Re8 17. Nb5 Qc6 18. Bd2 Ba6 19. Rac1 c4 20. Nc3 b5 21. Qxa5
Ra8 22. Qb4 Reb8 23. Na2 Bb7 24. Nc3 Bc8 25. h3 h6 26. Bg4 Nxg4 27. hxg4 Nf6
28. f3 Be6 29. Be1 Qe8 30. Bh4 g5 31. Bg3 Rb7 32. Be5 Nd7 33. Bg3 Nb8 34. Bxb8
Rbxb8 35. Rce1 Qd7 36. Re2 f5 37. gxf5 Bxf5 38. e4 dxe4 39. Qc5 Rd8 40. fxe4
Bg4 41. Rd2 Qg7 42. d5 Rf8 43. Rxf8+ Rxf8 44. Nxb5 Rc8 45. Qd4 Qd7 46. Nc3 Rf8
47. Rf2 Rxf2 48. Qxf2 Qd6 49. Qd4 Qf4 50. Qf2 Qc1+ 51. Kh2 h5 52. e5 h4 53. e6
Bh5 54. e7 Bf7 55. d6 g4 56. Qxh4 Qf4+ 57. Qg3 Qh6+ 58. Kg1 Qc1+ 59. Nd1 Qxd1+
60. Kh2 Qd4 61. a4 Qh8+ 62. Kg1 Qd4+ 63. Kh1 Be8 64. a5 Bd7 65. Qe1 Qh8+ 66.
Kg1 Qd4+ 67. Kh2 Qxd6+ 68. g3 Kf7 69. Qf1+ Kxe7 70. Qxc4 Qd2+ 71. Kg1 Qxa5 72.
b4 Qb6+ 0-1

[Event "Mechanics' Winter TNM; 30/90, SD/30"]
[Site "San Francisco"]
[Date "2009.02.03"]
[Round "5.24"]
[White "Rudzevich, Brian"]
[Black "Starr, Albert"]
[Result "1-0"]
[WhiteElo "976"]
[BlackElo "1502"]
[PlyCount "149"]
[EventDate "2009.??.??"]

1. d4 f5 2. Nf3 Nf6 3. e3 e6 4. Bd2 Be7 5. h3 O-O 6. c4 d5 7. Nc3 Nbd7 8. c5 c6
9. b4 Qc7 10. Be2 e5 11. Qb3 exd4 12. Nxd4 Ne4 13. Na4 Ne5 14. Bc1 Bf6 15. Bb2
Bd7 16. b5 cxb5 17. Bxb5 Qa5+ 18. Bc3 Nxc3 19. Nxc3 Bc6 20. O-O g6 21. Nxd5 Kh8
22. Nxf6 Rxf6 23. Bxc6 bxc6 24. Qb7 Raf8 25. Nb3 Qa3 26. Rfd1 R8f7 27. Qb8+ Kg7
28. Qxe5 Kh6 29. Rd6 Rxd6 30. Qxd6 Qb2 31. Qxc6 f4 32. Qe6 Rf6 33. Qe4 g5 34.
exf4 Rxf4 35. Qe6+ Rf6 36. Qe3 a5 37. Qc1 Qxf2+ 38. Kh1 Qg3 39. Qg1 a4 40. Nd2
Rc6 41. Qf1 Kg6 42. Rb1 Qa3 43. Rb6 Qxc5 44. Qd3+ Kh6 45. Rxc6+ Qxc6 46. Nc4
Qf6 47. Qd6 Kg6 48. Qxf6+ Kxf6 49. Kg1 Ke6 50. Nb2 Kd5 51. Nxa4 Kc4 52. Kf2 Kb4
53. Nb6 Ka3 54. Ke3 Kxa2 55. Ke4 Kb3 56. Nd5 Kc4 57. Nf6 h6 58. Ng8 h5 59. Kf5
g4 60. h4 Kd5 61. Kg5 Ke6 62. Kxh5 Kf5 63. g3 Ke6 64. Kxg4 Kf7 65. Nh6+ Kg6 66.
Nf5 Kf7 67. Kg5 Kg8 68. g4 Kh7 69. h5 Kg8 70. Kh6 Kh8 71. g5 Kg8 72. g6 Kh8 73.
g7+ Kg8 74. Ne3 Kf7 75. Kh7 1-0

[Event "Mechanics' Summer TNM; 30/90, SD/30"]
[Site "San Francisco"]
[Date "2009.06.16"]
[Round "4.20"]
[White "Russell, Joe"]
[Black "Allen, Tom"]
[Result "1-0"]
[WhiteElo "1820"]
[BlackElo "1573"]
[PlyCount "59"]
[EventDate "2009.??.??"]

1. e4 e5 2. Nf3 Nc6 3. Bb5 f5 4. d3 Nf6 5. O-O Bc5 6. exf5 O-O 7. Nxe5 Nxe5 8.
d4 Bd6 9. dxe5 Bxe5 10. Re1 Bd6 11. Nc3 Bc5 12. Bg5 c6 13. Bd3 d5 14. Re2 Qc7
15. h3 Nh5 16. Be3 Bxe3 17. Rxe3 Nf4 18. g4 b5 19. Ne2 Nxe2+ 20. Qxe2 Bd7 21.
Re5 Rae8 22. f4 Qb6+ 23. Qf2 d4 24. Rae1 c5 25. Qf3 Bc6 26. Be4 Rxe5 27. fxe5
Bd7 28. Bd5+ Kh8 29. e6 Rf6 30. g5 1-0

[Event "Mechanics' Winter TNM; 30/90, SD/30"]
[Site "San Francisco"]
[Date "2009.02.10"]
[Round "6.12"]
[White "Russell, Joe"]
[Black "Askin, Michael"]
[Result "1/2-1/2"]
[WhiteElo "1831"]
[BlackElo "1257"]
[PlyCount "88"]
[EventDate "2009.??.??"]

1. d4 d5 2. c4 c6 3. Nf3 Nf6 4. Nc3 e6 5. e3 Nbd7 6. Bd3 dxc4 7. Bxc4 b5 8. Bd3
Bb7 9. O-O a6 10. Ne4 c5 11. Nxf6+ Nxf6 12. dxc5 Bxc5 13. Be2 O-O 14. a3 Qb6
15. b4 Be7 16. Bb2 Rfd8 17. Bd4 Qd6 18. Qb3 Bd5 19. Qb2 Rac8 20. Bc5 Qc7 21.
Rac1 Bxc5 22. Rxc5 Qb7 23. Rfc1 Ne4 24. Rxc8 Rxc8 25. Rxc8+ Qxc8 26. Ne1 Qc3
27. Qxc3 Nxc3 28. Bd3 Ba2 29. Kf1 Kf8 30. Bc2 Ke7 31. Nd3 Bb1 32. Ne1 Kd6 33.
Bb3 Bg6 34. Nf3 Nb1 35. a4 bxa4 36. Bxa4 Bd3+ 37. Ke1 Kd5 38. Nd2 Nxd2 39. Kxd2
Kc4 40. b5 axb5 41. Bxb5+ Kxb5 42. Kxd3 Kc5 43. e4 e5 44. Kc3 f6 1/2-1/2

[Event "Mechanics' Summer TNM; 30/90, SD/30"]
[Site "San Francisco"]
[Date "2009.06.30"]
[Round "6.21"]
[White "Russell, Joe"]
[Black "Evans, Nicholas"]
[Result "1-0"]
[WhiteElo "1820"]
[BlackElo "1434"]
[PlyCount "93"]
[EventDate "2009.??.??"]

1. e4 e5 2. Nf3 d6 3. Bc4 Be7 4. d4 Bg4 5. dxe5 dxe5 6. Qxd8+ Bxd8 7. Nxe5 Be6
8. Bxe6 fxe6 9. O-O Bf6 10. Nd3 Nd7 11. Nf4 Nc5 12. f3 Be5 13. Ne2 O-O-O 14.
Nbc3 Ne7 15. Be3 Bd6 16. e5 Nf5 17. Bf2 Be7 18. Rad1 g5 19. Ng3 Rhf8 20. Nb5 a6
21. Nd4 Nxd4 22. Bxd4 Nd7 23. Bc3 Bc5+ 24. Kh1 Ba7 25. Ne4 h6 26. Rde1 Rf7 27.
g3 Rdf8 28. Kg2 Rf5 29. Nd2 c6 30. Ne4 Bb8 31. Bb4 Rd8 32. Nd6+ Bxd6 33. Bxd6
Nb6 34. b3 Nd5 35. c4 Nb6 36. f4 g4 37. h3 h5 38. hxg4 hxg4 39. Rh1 a5 40. Rh7
Rd7 41. Rh6 a4 42. Rxe6 Rd8 43. Rh1 Nd7 44. Rh7 b5 45. Rg7 bxc4 46. bxc4 Nb6
47. Rc7+ 1-0

[Event "Mechanics' Summer TNM; 30/90, SD/30"]
[Site "San Francisco"]
[Date "2009.06.02"]
[Round "2.4"]
[White "Russell, Joe"]
[Black "Fuentes, Romulo"]
[Result "0-1"]
[WhiteElo "1820"]
[BlackElo "2093"]
[PlyCount "60"]
[EventDate "2009.??.??"]

1. e4 c5 2. c3 b6 3. d4 Bb7 4. Bd3 Nf6 5. Qe2 cxd4 6. cxd4 Nc6 7. Be3 Nb4 8.
Nc3 Nxd3+ 9. Qxd3 e6 10. a3 Be7 11. h3 O-O 12. Nf3 a5 13. e5 Nd5 14. Bd2 Nxc3
15. Bxc3 f6 16. O-O-O Bc6 17. Kb1 b5 18. Ka1 b4 19. Bd2 bxa3 20. bxa3 fxe5 21.
dxe5 Qc7 22. Rhe1 Rab8 23. Qc3 Rb5 24. Nd4 Rc5 25. Qg3 Bd5 26. Rc1 Rb8 27. f4
Rc4 28. Qd3 Qb6 29. Bc3 Bxa3 30. Rb1 Bb4 0-1

[Event "Mechanics' Spring TNM; 30/90, SD/30"]
[Site "San Francisco"]
[Date "2009.03.24"]
[Round "2.4"]
[White "Russell, Joe"]
[Black "Gray, William"]
[Result "0-1"]
[WhiteElo "1831"]
[BlackElo "2081"]
[PlyCount "52"]
[EventDate "2009.??.??"]

1. e4 c5 2. Nf3 d6 3. Bb5+ Nd7 4. O-O a6 5. Bxd7+ Bxd7 6. d4 cxd4 7. Nxd4 Nf6
8. Nc3 g6 9. h3 Bg7 10. Be3 O-O 11. a4 b5 12. axb5 axb5 13. Rxa8 Qxa8 14. f3 b4
15. Nce2 e5 16. Nb3 d5 17. Bc5 Rc8 18. Bxb4 dxe4 19. Nc3 Bc6 20. fxe4 Nxe4 21.
Nxe4 Bxe4 22. Qd7 Bf5 23. Rxf5 gxf5 24. Qxf5 Rd8 25. Bc3 Qa7+ 26. Kh2 Qe3 0-1

[Event "Mechanics' Winter TNM; 30/90, SD/30"]
[Site "San Francisco"]
[Date "2009.01.27"]
[Round "4.9"]
[White "Russell, Joe"]
[Black "Leavens, Weston"]
[Result "1-0"]
[WhiteElo "1831"]
[BlackElo "1797"]
[PlyCount "43"]
[EventDate "2009.??.??"]

1. d4 f5 2. e4 fxe4 3. Nc3 Nf6 4. Bg5 g6 5. Bxf6 exf6 6. Nxe4 d5 7. Nd2 Bg7 8.
Bd3 O-O 9. Qf3 c6 10. h4 Qb6 11. O-O-O Qxd4 12. Ne2 Qg4 13. Qe3 Qe6 14. Qg3 f5
15. h5 Qf6 16. c3 g5 17. h6 Bh8 18. Rh5 Rf7 19. Rxg5+ Kf8 20. Rg8+ Ke7 21. Rxc8
Qe5 22. Qg8 1-0

[Event "Mechanics' Winter TNM; 30/90, SD/30"]
[Site "San Francisco"]
[Date "2009.02.24"]
[Round "8.13"]
[White "Russell, Joe"]
[Black "MacIntyre, Brendan"]
[Result "0-1"]
[WhiteElo "1831"]
[BlackElo "1654"]
[PlyCount "56"]
[EventDate "2009.??.??"]

1. d4 d5 2. c4 e6 3. Nc3 Nf6 4. Nf3 c5 5. cxd5 exd5 6. Bg5 Be7 7. dxc5 Nc6 8.
e3 O-O 9. Be2 Be6 10. a3 Ne4 11. Bxe7 Qxe7 12. Rc1 Rad8 13. b4 Qf6 14. Qc2 Bf5
15. Qb2 d4 16. exd4 Nxd4 17. Nxd4 Rxd4 18. O-O Rd2 19. Rc2 Rxc2 20. Qxc2 Nxc3
21. Qb2 Nxe2+ 22. Qxe2 Rd8 23. Re1 g6 24. h3 Qc3 25. Qe7 Rd7 26. Qe8+ Kg7 27.
g4 Be6 28. Rxe6 Rd1+ 0-1

[Event "Mechanics' Spring TNM; 30/90, SD/30"]
[Site "San Francisco"]
[Date "2009.04.07"]
[Round "4.12"]
[White "Russell, Joe"]
[Black "MacIntyre, Brendan"]
[Result "1-0"]
[WhiteElo "1831"]
[BlackElo "1642"]
[PlyCount "100"]
[EventDate "2009.??.??"]

1. e4 c5 2. Nf3 Nc6 3. Bb5 g6 4. Bxc6 bxc6 5. O-O Bg7 6. e5 Qc7 7. Re1 Nh6 8.
d3 Nf5 9. Nc3 O-O 10. Bf4 Nd4 11. Re4 Ne6 12. Bg3 d5 13. exd6 exd6 14. Qe1 Qd7
15. Qd2 Rb8 16. b3 Rb4 17. Rae1 d5 18. Ne5 Qe8 19. a3 Rxe4 20. dxe4 d4 21. Na4
Ba6 22. Qa5 Bb5 23. Nb2 f6 24. Nec4 Bxc4 25. Nxc4 Qd7 26. Bd6 Re8 27. Bxc5 d3
28. c3 Nf4 29. f3 f5 30. e5 Ne2+ 31. Kf2 Bxe5 32. Qxa7 Qxa7 33. Bxa7 Bxc3 34.
Rd1 Nf4 35. Be3 Bd4 36. Bxd4 Re2+ 37. Kf1 Rxg2 38. Bg1 Rc2 39. Rd2 Rc1+ 40. Kf2
Nh3+ 41. Ke3 Nxg1 42. Rxd3 Nh3 43. a4 Re1+ 44. Kd4 Nf4 45. Rd2 Kf7 46. Ne5+ Ke6
47. Nxc6 Kd6 48. Nd8 g5 49. Nf7+ Kc6 50. Nxg5 h5 {remainder illegible} 1-0

[Event "Mechanics' Winter TNM; 30/90, SD/30"]
[Site "San Francisco"]
[Date "2009.01.13"]
[Round "2.3"]
[White "Russell, Joe"]
[Black "Margulis, Igor"]
[Result "0-1"]
[WhiteElo "1831"]
[BlackElo "2150"]
[PlyCount "80"]
[EventDate "2009.??.??"]

1. d4 g6 2. e4 Bg7 3. Nc3 d6 4. Be3 a6 5. Qd2 b5 6. O-O-O Bb7 7. f3 Nd7 8. g4
e6 9. h4 h6 10. Bg2 Ne7 11. h5 g5 12. f4 gxf4 13. Bxf4 e5 14. Be3 exd4 15. Bxd4
Ne5 16. Nf3 N7c6 17. Ne2 Nxf3 18. Bxf3 Nxd4 19. Nxd4 Bxd4 20. Qxd4 Qg5+ 21. Kb1
O-O-O 22. a4 Rhe8 23. axb5 axb5 24. Rhe1 Re5 25. Rd2 c5 26. Qc3 b4 27. Qd3 Kc7
28. Red1 Qf6 29. Qe3 Qe6 30. Re1 Ra8 31. Qb3 Qxb3 32. cxb3 Rae8 33. Rde2 R8e6
34. Kc2 Rf6 35. Re3 Rf4 36. Kd2 Re6 37. R1e2 Ref6 38. e5 Rd4+ 39. Kc2 Rxf3 40.
exd6+ Kxd6 0-1

[Event "Mechanics' Spring TNM; 30/90, SD/30"]
[Site "San Francisco"]
[Date "2009.04.21"]
[Round "6.8"]
[White "Russell, Joe"]
[Black "Margulis, Igor"]
[Result "0-1"]
[WhiteElo "1831"]
[BlackElo "2112"]
[PlyCount "64"]
[EventDate "2009.??.??"]

1. Nf3 d6 2. d4 g6 3. e4 Bg7 4. Be2 a6 5. O-O b5 6. c4 bxc4 7. Bxc4 e6 8. Nc3
Ne7 9. Bg5 Nd7 10. Qe2 h6 11. Be3 Bb7 12. Rfd1 O-O 13. Rac1 Kh7 14. b4 Nf6 15.
e5 Nfd5 16. Nxd5 Nxd5 17. Bd2 Qe7 18. b5 axb5 19. Bxb5 Rxa2 20. Qc4 Rfa8 21.
Bc6 Bxc6 22. Qxc6 R8a6 23. Qc4 Qe8 24. h3 Qa8 25. Qd3 Qd8 26. Qe4 R6a4 27. Qd3
R2a3 28. Qe2 Rb3 29. h4 f5 30. g3 Qe8 31. Kg2 Ra2 32. Qc4 Raa3 0-1

[Event "Mechanics' Summer TNM; 30/90, SD/30"]
[Site "San Francisco"]
[Date "2009.07.14"]
[Round "8.21"]
[White "Russell, Joe"]
[Black "Smith, Andrew"]
[Result "0-1"]
[WhiteElo "1820"]
[BlackElo "1548"]
[PlyCount "74"]
[EventDate "2009.??.??"]

1. e4 c5 2. c3 b6 3. d4 Bb7 4. Bd3 e6 5. Nf3 Nf6 6. Qe2 Be7 7. O-O O-O 8. Nbd2
Re8 9. e5 Nd5 10. Qe4 g6 11. c4 Nb4 12. Qe2 Nxd3 13. Qxd3 cxd4 14. Nxd4 d5 15.
Rd1 Nc6 16. N2f3 Nxd4 17. Nxd4 dxc4 18. Qxc4 Rc8 19. Qe2 Qd5 20. Nf3 Qc6 21.
Be3 Bc5 22. Rac1 Qe4 23. Rc4 Ba6 24. Rxe4 Bxe2 25. Rd2 Bxf3 26. gxf3 Bxe3 27.
Rxe3 Rc1+ 28. Kg2 Rec8 29. Rd7 R8c2 30. Rxa7 Rxb2 31. Rd3 Rcc2 32. Rdd7 Rxf2+
33. Kg3 Rg2+ 34. Kf4 Rbe2 35. h4 h6 36. Rxf7 g5+ 37. hxg5 hxg5# 0-1

[Event "Mechanics' Wilkerson Mem TNM; 30/90, SD"]
[Site "San Francisco"]
[Date "2009.09.01"]
[Round "5.9"]
[White "Russell, Joe Ryan"]
[Black "Grey, Peter"]
[Result "0-1"]
[WhiteElo "1757"]
[BlackElo "2012"]
[PlyCount "72"]
[EventDate "2009.??.??"]

1. e4 c5 2. c3 Nf6 3. e5 Nd5 4. d4 cxd4 5. Nf3 e6 6. cxd4 d6 7. a3 Nc6 8. Bd3
Be7 9. O-O h6 10. Re1 O-O 11. Nbd2 dxe5 12. dxe5 Nf4 13. Bb1 Ng6 14. Qe2 Qc7
15. h4 Bxh4 16. Bxg6 Bxf2+ 17. Qxf2 fxg6 18. Qe3 Bd7 19. b3 Ne7 20. Bb2 Nf5 21.
Qf2 Bc6 22. Rac1 Qe7 23. Qc5 Qf7 24. Rf1 Qd7 25. Nd4 Ne3 26. Rxf8+ Rxf8 27.
Nxe6 Qxe6 28. Qxe3 Qg4 29. g3 Qh3 30. Ne4 Bxe4 31. Qxe4 Qxg3+ 32. Qg2 Qe3+ 33.
Kh1 Rf2 34. Qg4 Rxb2 35. Rg1 Qxe5 36. Qxg6 Qh2# 0-1

[Event "Mechanics' Wilkerson Mem TNM; 30/90, SD"]
[Site "San Francisco"]
[Date "2009.08.18"]
[Round "3.5"]
[White "Russell, Joe Ryan"]
[Black "Todortsev, Victor"]
[Result "1-0"]
[WhiteElo "1757"]
[BlackElo "1945"]
[PlyCount "81"]
[EventDate "2009.??.??"]

1. e4 e5 2. Nf3 Nc6 3. Bb5 a6 4. Ba4 Nf6 5. O-O Bc5 6. d3 b5 7. Bb3 d6 8. c3
Bg4 9. h3 Bh5 10. Be3 Ba7 11. a4 b4 12. Nbd2 O-O 13. Bxa7 Rxa7 14. Re1 a5 15.
g4 Bg6 16. d4 Re8 17. d5 Ne7 18. cxb4 axb4 19. Bc2 Ra5 20. Nc4 Rc5 21. b3 Nexd5
22. exd5 Bxc2 23. Qxc2 Nxd5 24. Qd2 Nf4 25. Kh2 Qf6 26. Ng1 Rd5 27. Qc2 Rd3 28.
Re3 e4 29. Rae1 h5 30. Rxe4 Rxe4 31. Rxe4 hxg4 32. Re8+ Kh7 33. Nb2 Qf5 34.
Nxd3 g6 35. Re3 Nd5 36. Rg3 gxh3 37. Rxh3+ Kg7 38. Qd2 g5 39. Nf3 f6 40. Rg3
Kg6 41. Nh4+ 1-0

[Event "Mechanics' Wilkerson Mem TNM; 30/90, SD"]
[Site "San Francisco"]
[Date "2009.08.04"]
[Round "2.2"]
[White "Russell, Joe Ryan"]
[Black "Wong, Russell"]
[Result "1/2-1/2"]
[WhiteElo "1757"]
[BlackElo "2200"]
[PlyCount "73"]
[EventDate "2009.??.??"]

1. e4 Nf6 2. e5 Nd5 3. d4 d6 4. c4 Nb6 5. f4 dxe5 6. fxe5 Nc6 7. Be3 Bf5 8. Nc3
e6 9. Nf3 Bg4 10. Be2 Bxf3 11. gxf3 Qh4+ 12. Bf2 Qf4 13. Qc1 Qf5 14. Qb1 Qh3
15. Qe4 O-O-O 16. O-O-O Bb4 17. Rdg1 Bxc3 18. bxc3 g6 19. Bh4 Rd7 20. Rg3 Qf5
21. Qxf5 exf5 22. c5 Nd5 23. Kb2 h6 24. Rgg1 a6 25. Be1 Re8 26. Bd2 Nxc3 27.
Bxc3 Nxd4 28. Bd1 Rxe5 29. Re1 Rxe1 30. Rxe1 Ne6 31. Bb3 Ng5 32. Re8+ Rd8 33.
Rxd8+ Kxd8 34. Bf6+ Ke8 35. c6 bxc6 36. f4 Ne4 37. Be5 1/2-1/2

[Event "Mechanics' Wilkerson Mem TNM; 30/90, SD"]
[Site "San Francisco"]
[Date "2009.09.29"]
[Round "9.11"]
[White "Salvo, Tab"]
[Black "Afkham-Ebrahimi, Payam"]
[Result "1/2-1/2"]
[WhiteElo "1698"]
[BlackElo "1838"]
[PlyCount "88"]
[EventDate "2009.??.??"]

1. Nf3 Nf6 2. c4 d6 3. g3 e5 4. d3 g6 5. e4 Bg7 6. Bg2 O-O 7. O-O Nc6 8. h3 Be6
9. Be3 Qd7 10. Ng5 Nd4 11. Nxe6 fxe6 12. Nd2 c5 13. Nf3 Rf7 14. Qd2 Raf8 15.
Nh2 a6 16. Bh6 b5 17. Bxg7 Kxg7 18. b3 b4 19. Rae1 a5 20. Ra1 a4 21. Qd1 Ra8
22. Nf3 Nxf3+ 23. Bxf3 Ng8 24. Bg2 Ne7 25. h4 Nc6 26. Bh3 Nd4 27. Kg2 axb3 28.
axb3 Rxa1 29. Qxa1 Nxb3 30. Qb2 Nd4 31. Ra1 Qd8 32. Bg4 Qf6 33. Ra6 Qd8 34. Bd1
Qf8 35. h5 b3 36. Qd2 Qb8 37. h6+ Kg8 38. Qa5 b2 39. Rb6 b1=Q 40. Rxb1 Qxb1 41.
Qd8+ Rf8 42. Qe7 Rf7 43. Qd8+ Rf8 44. Qe7 Rf7 1/2-1/2

[Event "Mechanics' Fall TNM; 30/90, SD/30"]
[Site "San Francisco"]
[Date "2009.12.08"]
[Round "8.11"]
[White "Salvo, Tab"]
[Black "Bultman, Charles"]
[Result "0-1"]
[WhiteElo "1769"]
[BlackElo "1703"]
[PlyCount "117"]
[EventDate "2009.??.??"]

1. Nf3 Nf6 2. c4 d6 3. g3 g6 4. b3 Bg7 5. Bb2 O-O 6. Bg2 e5 7. d3 Nc6 8. O-O
Nh5 9. e4 f5 10. exf5 Bxf5 11. h3 e4 12. Bxg7 exf3 13. Bxf8 fxg2 14. Kxg2 Qxf8
15. Nc3 Nd4 16. Qd2 Nf6 17. g4 Bd7 18. f3 Bc6 19. Kg3 Qf7 20. Ne4 Re8 21. Rae1
Nxe4+ 22. dxe4 Qf6 23. Qd3 Qe5+ 24. Kg2 g5 25. b4 Ne6 26. Qd2 Nf4+ 27. Kh1 Nxh3
28. b5 Bd7 29. Qd5+ Qxd5 30. exd5 Nf4 31. Rxe8+ Bxe8 32. Re1 Kf8 33. Re3 Bg6
34. Ra3 Nd3 35. Kg1 Nc5 36. Rxa7 Bd3 37. Ra8+ Ke7 38. Rh8 Kf6 39. Kf2 Bxc4 40.
Rxh7 Bxd5 41. Rxc7 Bxa2 42. Ke3 Ke5 43. Rg7 Kf6 44. Rc7 Bd5 45. Rh7 Ke5 46. Rh5
Kf6 47. f4 gxf4+ 48. Kxf4 Ne6+ 49. Ke3 Bc4 50. Rf5+ Kg6 51. b6 d5 52. Re5 d4+
53. Kd2 Kf6 54. Ra5 Ng5 55. Rf5+ Kg6 56. Rf4 Bd5 57. Kd3 Nf3 58. Rf5 Bc6 59.
Rc5 {...0-1} 0-1

[Event "Mechanics' Wilkerson Mem TNM; 30/90, SD"]
[Site "San Francisco"]
[Date "2009.08.25"]
[Round "4.14"]
[White "Salvo, Tab"]
[Black "Chernobilskiy, Mikhail"]
[Result "0-1"]
[WhiteElo "1698"]
[BlackElo "1792"]
[PlyCount "56"]
[EventDate "2009.??.??"]

1. Nf3 d6 2. c4 g6 3. g3 Bg7 4. Bg2 f5 5. d3 Nf6 6. O-O O-O 7. Nc3 e5 8. e4 a5
9. exf5 gxf5 10. Qb3 Nc6 11. Bg5 Qe8 12. Rfe1 Be6 13. a3 Rb8 14. Qd1 Qf7 15.
Bd2 h6 16. Nb5 f4 17. Nh4 e4 18. Bxf4 exd3 19. Qxd3 Bxc4 20. Qd2 Bxb5 21. Bxh6
Bxh6 22. Qxh6 Nd4 23. Ng6 Qg7 24. Qxg7+ Kxg7 25. Nxf8 Rxf8 26. Rab1 Nc2 27. Re6
Kf7 28. Rxf6+ Kxf6 {Black won in 60 moves.} 0-1

[Event "Mechanics' Summer TNM; 30/90, SD/30"]
[Site "San Francisco"]
[Date "2009.07.07"]
[Round "7.9"]
[White "Salvo, Tab"]
[Black "Grey, Peter"]
[Result "1/2-1/2"]
[WhiteElo "1723"]
[BlackElo "2000"]
[PlyCount "82"]
[EventDate "2009.??.??"]

1. Nf3 g6 2. c4 Bg7 3. g3 Nf6 4. Bg2 O-O 5. O-O d6 6. d3 Nc6 7. Nc3 e5 8. e4 h6
9. h3 Kh7 10. Kh2 Ng8 11. Ne2 f5 12. exf5 gxf5 13. a3 Be6 14. Rb1 d5 15. cxd5
Bxd5 16. Nc3 Be6 17. Qe2 Qd7 18. Be3 Nd4 19. Qd1 Bb3 20. Qd2 Rad8 21. Bxd4 exd4
22. Ne2 c5 23. Rbc1 b6 24. Nf4 Rfe8 25. Rfe1 Rxe1 26. Rxe1 Re8 27. Nh4 Rxe1 28.
Qxe1 Qe7 29. Qd2 Qf7 30. Qe2 Ne7 31. Bf3 Bf6 32. Bh5 Qg8 33. Nxf5 Nxf5 34. Bg6+
Kh8 35. Bxf5 Bf7 36. h4 Qe8 37. Be4 h5 38. Qf3 Be5 39. Kg2 Kg7 40. Nh3 Bg6 41.
Ng5 Bf6 {White is winning at this point, when both scoresheets become
unreadable, but Black managed to draw in 57 moves.} 1/2-1/2

[Event "Mechanics' Wilkerson Mem TNM; 30/90, SD"]
[Site "San Francisco"]
[Date "2009.08.11"]
[Round "2.1"]
[White "Salvo, Tab"]
[Black "Lee, Andy C"]
[Result "0-1"]
[WhiteElo "1698"]
[BlackElo "2278"]
[PlyCount "82"]
[EventDate "2009.??.??"]

1. Nf3 d5 2. c4 c6 3. b3 Nf6 4. g3 Bf5 5. Bg2 e6 6. O-O Be7 7. d3 h6 8. Bb2 O-O
9. Nbd2 a5 10. Re1 a4 11. e4 Bh7 12. e5 Nfd7 13. d4 a3 14. Bc3 dxc4 15. Nxc4 b5
16. Ne3 Nb6 17. Rc1 Nd5 18. Nxd5 cxd5 19. Bd2 Qb6 20. Re3 Nc6 21. Be1 Rfc8 22.
Bf1 Rc7 23. h4 Rac8 24. Bd3 Bxd3 25. Rxd3 Nxd4 26. Rxc7 Nxf3+ 27. Rxf3 Rxc7 28.
Bd2 Qd4 29. Qe1 Rc2 30. Be3 Qc3 31. Qf1 Qc6 32. Kg2 Rxa2 33. Qd3 Rc2 34. Qd4 a2
35. Qa7 Qc7 36. Qa8+ Bd8 37. Bd4 Qa5 38. Qb7 Rc7 39. Qb8 Rc1 40. Qb7 Qe1 41.
Rxf7 Qh1# 0-1

[Event "Mechanics' Fall TNM; 30/90, SD/30"]
[Site "San Francisco"]
[Date "2009.11.10"]
[Round "4.10"]
[White "Salvo, Tab"]
[Black "Manvelyan, Hovik"]
[Result "0-1"]
[WhiteElo "1769"]
[BlackElo "1984"]
[PlyCount "92"]
[EventDate "2009.??.??"]

1. Nf3 f5 2. g3 Nf6 3. c4 e6 4. Bg2 c6 5. b3 d5 6. Bb2 Be7 7. O-O O-O 8. d4 Ne4
9. e3 Nd7 10. Nc3 Ndf6 11. Ne2 Qe8 12. c5 g5 13. Ne5 Ng4 14. Qd3 Nxe5 15. dxe5
Nxc5 16. Qc2 Rf7 17. Nd4 Bf8 18. b4 Nd7 19. a3 Nxe5 20. f4 Nc4 21. Bc1 g4 22.
Rb1 a6 23. Nb3 h5 24. e4 Rh7 25. Re1 Qg6 26. exf5 exf5 27. h4 gxh3 28. Bxh3
Qxg3+ 29. Qg2 Qxg2+ 30. Kxg2 a5 31. Re8 Kf7 32. Rxc8 Rxc8 33. Bxf5 Rg7+ 34. Kf3
Re8 35. Kf2 axb4 36. axb4 Bxb4 37. Bd3 b5 38. Kf3 h4 39. Bf5 Re1 40. Nd4 Ba3
41. Bxa3 Rxb1 42. Bxb1 Nd2+ 43. Kf2 Nxb1 44. Bb4 h3 45. Nxc6 h2 46. Ne5+ Ke6
0-1

[Event "Mechanics' Summer TNM; 30/90, SD/30"]
[Site "San Francisco"]
[Date "2009.06.16"]
[Round "4.11"]
[White "Salvo, Tab"]
[Black "Manvelyan, Hovik"]
[Result "0-1"]
[WhiteElo "1723"]
[BlackElo "1963"]
[PlyCount "98"]
[EventDate "2009.??.??"]

1. Nf3 d5 2. c4 e6 3. g3 Nf6 4. Bg2 Nbd7 5. b3 Be7 6. O-O O-O 7. Bb2 c5 8. d3
d4 9. Nbd2 Rb8 10. Re1 b6 11. e3 e5 12. exd4 exd4 13. h3 Bb7 14. Re2 Bd6 15.
Qf1 Qc7 16. Rae1 Nh5 17. Ne4 Bxe4 18. Rxe4 Bxg3 19. Bc1 Bf4 20. R1e2 Bd6 21.
Bg5 Ndf6 22. Rh4 Nf4 23. Re1 N6h5 24. Bxf4 Nxf4 25. Re4 f5 26. Re1 h6 27. Kh1
Rf6 28. Ng1 g5 29. Rxf4 Bxf4 30. Bd5+ Kf8 31. Nf3 Re8 32. a3 Rxe1 33. Qxe1 Qe7
34. Qd1 Bc7 35. Kg2 g4 36. hxg4 Rg6 37. g5 hxg5 38. Qh1 Qg7 39. Qe1 Rh6 40. Kf1
g4 41. Ng1 Qg5 42. Ne2 f4 43. Qd2 Qf6 44. f3 g3 45. Ng1 Rh2 46. Qd1 Rf2+ 47.
Ke1 Qh4 48. Ne2 Qh1+ 49. Kd2 g2 0-1

[Event "Mechanics' Fall TNM; 30/90, SD/30"]
[Site "San Francisco"]
[Date "2009.10.27"]
[Round "2.19"]
[White "Salvo, Tab"]
[Black "Olson, David"]
[Result "1-0"]
[WhiteElo "1769"]
[BlackElo "1641"]
[PlyCount "29"]
[EventDate "2009.??.??"]

1. Nf3 c5 2. c4 e6 3. g3 Nc6 4. Bg2 Nf6 5. O-O Be7 6. Nc3 O-O 7. e4 d6 8. h3 b6
9. e5 Nd7 10. exd6 Bxd6 11. d4 cxd4 12. Nxd4 Bb7 13. Nxc6 Bxc6 14. Bxc6 Rc8 15.
Qxd6 1-0

[Event "Mechanics' Fall TNM; 30/90, SD/30"]
[Site "San Francisco"]
[Date "2009.11.24"]
[Round "6.18"]
[White "Salvo, Tab"]
[Black "Rosenstein, Perry"]
[Result "1-0"]
[WhiteElo "1769"]
[BlackElo "1516"]
[PlyCount "94"]
[EventDate "2009.??.??"]

1. Nf3 d5 2. c4 e6 3. g3 Nf6 4. Bg2 Be7 5. b3 c5 6. O-O Nc6 7. d3 O-O 8. Na3 d4
9. Nc2 e5 10. e4 Bg4 11. h3 Be6 12. Bd2 Ne8 13. Qe2 Qd7 14. Kh2 Bd6 15. Ng5 f5
16. Nxe6 Qxe6 17. exf5 Qxf5 18. Be4 Qd7 19. Ne1 Nf6 20. Bg2 Rae8 21. Bg5 h6 22.
Bxf6 Rxf6 23. Be4 Nd8 24. Rb1 Ne6 25. h4 Ref8 26. Rb2 Bc7 27. Bxb7 Nf4 28. gxf4
exf4 29. Bd5+ Kh8 30. Nf3 g5 31. Rg1 g4 32. Qf1 gxf3 33. Bxf3 Bd8 34. Qg2 Qh7
35. Be4 Qg8 36. Qxg8+ Rxg8 37. Rxg8+ Kxg8 38. f3 Rb6 39. Rg2+ Kf7 40. Kh3 Ra6
41. Kg4 Bc7 42. Kh5 Be5 43. Bd5+ Ke7 44. Re2 Kf6 45. Kxh6 Kf5+ 46. Kh5 Bc7 47.
Be4+ Kf6 {score ends} 1-0

[Event "Mechanics' Wilkerson Mem TNM; 30/90, SD"]
[Site "San Francisco"]
[Date "2009.09.15"]
[Round "7.9"]
[White "Salvo, Tab"]
[Black "Shin, Kyle"]
[Result "0-1"]
[WhiteElo "1698"]
[BlackElo "1956"]
[PlyCount "112"]
[EventDate "2009.??.??"]

1. Nf3 d5 2. c4 c6 3. b3 Nf6 4. g3 g6 5. Bb2 Bg7 6. Bg2 O-O 7. O-O Nbd7 8. d3
Re8 9. Nbd2 e5 10. e4 dxe4 11. dxe4 Qc7 12. Qe2 Nc5 13. h3 Nh5 14. Rfd1 f5 15.
exf5 Bxf5 16. Ne1 Rad8 17. Nf1 Qc8 18. Kh2 e4 19. Rxd8 Qxd8 20. Rd1 Nd3 21.
Bxg7 Nxg7 22. Ne3 Qf6 23. Nxf5 Qxf5 24. Rd2 Nc5 25. Nc2 Qe5 26. Ne3 Nf5 27. Ng4
Qc3 28. Rc2 Qg7 29. Rd2 h5 30. Ne3 Nd4 31. Qd1 Nd3 32. Bxe4 Nxf2 33. Rxf2 Rxe4
34. Qd3 Qe5 35. Ng2 Nf5 36. Qd8+ Kh7 37. Qg5 Re2 38. Rxe2 Qxe2 39. h4 Qxa2 40.
Qf6 Qxb3 41. Qf7+ Ng7 42. Nf4 Qc2+ 43. Kg1 Qb1+ 44. Kf2 a5 45. Ke3 a4 46. Ne6
Qe1+ 47. Kd3 Qxe6 48. Qxb7 Qd6+ 49. Kc2 Qc5 50. Qa6 a3 51. Qa4 Qf2+ 52. Kd1 a2
53. Kc1 Qe2 54. c5 Qf2 55. Qa3 Qe1+ 56. Kc2 Qb1+ 0-1